000 00434nam a2200181Ia 4500
001 13181
005 20260306163034.0
008 260306t2016||||xx |||||||||||||| ||spa||
041 _aESP
082 _a001.42
_bA67
100 _aArbaiza Fermini, Lydia
_eAUT
245 0 _aCómo elaborar una tesis de grado
260 _c2016
300 _a328 páginas :
_c24 cm.
650 _aGEN
654 _aCHU
942 _cLIB
_dJUS
_fJUS
_2ddc
_n
999 _c13181
_d13181